书目信息 |
| 题名: |
丛林秘境
|
|
| 作者: | 白献竞 , 高晶 编著 | |
| 分册: | ||
| 出版信息: | 北京 海潮出版社 2006 |
|
| 页数: | 182页 | |
| 开本: | 24cm | |
| 丛书名: | 古代文明探索之旅系列丛书 | |
| 单 册: | ||
| 中图分类: | K702 | |
| 科图分类: | ||
| 主题词: | 文化史 , 文化史--美洲--古代 | |
| 电子资源: | ||
| ISBN: | 7-80213-084-0 | |
| 000 | 00914oam2 2200277 450 | |
| 001 | 003067262 | |
| 005 | 20061118164002.28 | |
| 010 | @a7-80213-084-0@dCNY22.00 | |
| 100 | @a20060104d2006 em y0chiy0110 ea | |
| 101 | 0 | @achi |
| 102 | @aCN@b110000 | |
| 105 | @aa z 000yy | |
| 200 | 1 | @a丛林秘境@9cong lin mi jing@e正说美洲古代文明@f白献竞,高晶编著 |
| 210 | @a北京@c海潮出版社@d2006 | |
| 215 | @a182页@c图@d24cm | |
| 225 | 2 | @a古代文明探索之旅系列丛书 |
| 330 | @a本书内容分为美洲古代文明起源、神秘的玛雅文明、印加的黄金帝国、辉煌的阿兹特克四部分。 | |
| 461 | 0 | @12001 @a古代文明探索之旅系列丛书 |
| 517 | 1 | @a正说美洲古代文明@9zheng shuo mei zhou gu dai wen ming |
| 606 | 0 | @a文化史 |
| 606 | 0 | @a文化史@y美洲@z古代 |
| 690 | @aK702@v4 | |
| 701 | 0 | @a白献竞@9bai xian jing@f(1948.2~)@4编著 |
| 701 | 0 | @a高晶@9gao jing@c(女,@f1963.4~)@4编著 |
| 801 | 0 | @aCN@bNLC@c20061118 |
| 905 | @a10447@dK702@e6 | |
| 丛林秘境:正说美洲古代文明/白献竞,高晶编著.-北京:海潮出版社,2006 |
| 182页:图;24cm.-(古代文明探索之旅系列丛书) |
| ISBN 7-80213-084-0:CNY22.00 |
| 本书内容分为美洲古代文明起源、神秘的玛雅文明、印加的黄金帝国、辉煌的阿兹特克四部分。 |
| ● |
| 相关链接 |
|
|
|
|
正题名:丛林秘境
索取号:K702/6
 
预约/预借
| 序号 | 登录号 | 条形码 | 馆藏地/架位号 | 状态 | 备注 |
| 1 | 0392968 | 203929687 | 第二样本阅览室/ [索取号:K702/6] | 在馆 | |
| 2 | 0392969 | 203929696 | 第二借阅区/ [索取号:K702/6] | 在馆 | |
| 3 | 0392970 | 203929703 | 第二借阅区/ [索取号:K702/6] | 在馆 | |
| 4 | 0392971 | 203929712 | 第二借阅区/ [索取号:K702/6] | 在馆 | |
| 5 | 0392972 | 203929721 | 第二借阅区/ [索取号:K702/6] | 在馆 |